[Event "18. Obert Pobla de Lillet 2008"]
[Site "La Pobla de Lillet ESP"]
[Date "2008.08.05"]
[Round "4.18"]
[White "Garcia Galeote, Lorenzo"]
[Black "Jimenez Sanchez, Juan Rafael"]
[Result "1-0"]
[WhiteElo "2037"]
[BlackElo "1870"]
[PlyCount "97"]
[EventDate "2008.08.02"]
[EventType "swiss"]
[EventRounds "9"]
[EventCountry "ESP"]
[SourceTitle "Ajedrez en Madrid"]
[Source "lmi"]
[SourceDate "2008.08.02"]
[SourceVersion "1"]
[SourceVersionDate "2020.06.30"]
[SourceQuality "1"]

1. d4 c5 2. c3 cxd4 3. cxd4 g6 4. Bf4 Bg7 5. Nf3 Nc6 6. e3 Nf6 7. Be2 d6 8. O-O
Bd7 9. h3 O-O 10. Nc3 Rc8 11. Rc1 a6 12. d5 Na5 13. b4 Nh5 14. Nb1 Nf6 15. Rxc8
Bxc8 16. bxa5 Qxa5 17. Qd2 Qxd5 18. Qxd5 Nxd5 19. Bg5 h6 20. Bh4 g5 21. Bg3 Bf5
22. Nfd2 Nb4 23. a3 Nc6 24. e4 Bd7 25. Nf3 Bb2 26. Rd1 Rd8 27. Rd2 Bg7 28. Rc2
Bc8 29. Bxa6 Ne5 30. Be2 Bd7 31. Nxe5 dxe5 32. Rd2 Kf8 33. Bb5 Ke8 34. Rxd7
Rxd7 35. f3 Kd8 36. Bxd7 Kxd7 37. Be1 e6 38. Bb4 f5 39. Kf2 h5 40. g4 hxg4 41.
hxg4 f4 42. Ke2 Bf6 43. Kd3 Kc6 44. Bf8 b5 45. Kc3 Bd8 46. Kb4 Bb6 47. Nc3 Be3
48. Nxb5 Bd2+ 49. Kc4 1-0

[Event "18. Obert Pobla de Lillet 2008"]
[Site "La Pobla de Lillet ESP"]
[Date "2008.08.05"]
[Round "4.19"]
[White "Duran Burniol, Joan"]
[Black "Montero Montero, Juan J"]
[Result "1-0"]
[WhiteElo "1974"]
[BlackElo "1705"]
[PlyCount "81"]
[EventDate "2008.08.02"]
[EventType "swiss"]
[EventRounds "9"]
[EventCountry "ESP"]
[SourceTitle "Ajedrez en Madrid"]
[Source "lmi"]
[SourceDate "2008.08.02"]
[SourceVersion "1"]
[SourceVersionDate "2020.06.30"]
[SourceQuality "1"]

1. f4 Nf6 2. Nf3 d6 3. e3 Nbd7 4. d4 e6 5. Bd3 c5 6. c3 a6 7. O-O b5 8. Nbd2
Bb7 9. Qe1 Be7 10. Qg3 O-O 11. e4 cxd4 12. cxd4 Rc8 13. Qh3 g6 14. g4 h5 15. g5
Nh7 16. Nh4 e5 17. Ndf3 exf4 18. e5 dxe5 19. Nxg6 fxg6 20. Qe6+ Rf7 21. Bxg6
Qe8 22. Bxh7+ Kf8 23. Bg6 Rc6 24. Qxf7+ Qxf7 25. Bxf7 Kxf7 26. Nxe5+ Nxe5 27.
dxe5 Bc5+ 28. Kg2 Re6+ 29. Kh3 f3 30. Bf4 f2 31. Bg3 Bc8 32. Kh4 Kg6 33. Bxf2
Bxf2+ 34. Rxf2 Rxe5 35. Rf6+ Kg7 36. Rc1 Re4+ 37. Kxh5 Bg4+ 38. Kh4 Be6+ 39.
Kg3 Bxa2 40. Rc7+ Kg8 41. Rxa6 1-0

[Event "18. Obert Pobla de Lillet 2008"]
[Site "La Pobla de Lillet ESP"]
[Date "2008.08.06"]
[Round "5.1"]
[White "Mirzoev, Azer"]
[Black "Movsziszian, Karen"]
[Result "1-0"]
[WhiteElo "2565"]
[BlackElo "2560"]
[PlyCount "35"]
[EventDate "2008.08.02"]
[EventType "swiss"]
[EventRounds "9"]
[EventCountry "ESP"]
[SourceTitle "Ajedrez en Madrid"]
[Source "lmi"]
[SourceDate "2008.08.02"]
[SourceVersion "1"]
[SourceVersionDate "2020.06.30"]
[SourceQuality "1"]

1. d4 Nf6 2. Nc3 d5 3. Bg5 Nbd7 4. Nf3 g6 5. Qd2 Ne4 6. Nxe4 dxe4 7. Ng1 h6 8.
Bf4 Bg7 9. O-O-O c6 10. e3 a5 11. Ne2 f5 12. Nc3 b5 13. d5 b4 14. dxc6 bxc3 15.
Qd5 Ra7 16. Bb5 e5 17. cxd7+ Bxd7 18. Bxe5 1-0

[Event "18. Obert Pobla de Lillet 2008"]
[Site "La Pobla de Lillet ESP"]
[Date "2008.08.06"]
[Round "5.2"]
[White "Matnadze, Ana"]
[Black "Granados Gomez, Manuel"]
[Result "1-0"]
[WhiteElo "2411"]
[BlackElo "2407"]
[PlyCount "83"]
[EventDate "2008.08.02"]
[EventType "swiss"]
[EventRounds "9"]
[EventCountry "ESP"]
[SourceTitle "Ajedrez en Madrid"]
[Source "lmi"]
[SourceDate "2008.08.02"]
[SourceVersion "1"]
[SourceVersionDate "2020.06.30"]
[SourceQuality "1"]

1. d4 Nf6 2. g3 d5 3. Bg2 c6 4. Nf3 Bg4 5. O-O Nbd7 6. c4 e6 7. Nc3 Be7 8. Qb3
Qb6 9. c5 Qxb3 10. axb3 Ne4 11. Re1 Nxc3 12. bxc3 O-O 13. b4 a6 14. Nd2 e5 15.
h3 Be6 16. dxe5 Nxe5 17. f4 Nd7 18. e4 dxe4 19. Nxe4 Rfe8 20. Be3 Bd5 21. Bd4
Bxe4 22. Rxe4 Bf6 23. Rxe8+ Rxe8 24. Bxf6 Nxf6 25. c4 Rc8 26. Kf2 Kf8 27. g4 h6
28. Ke3 g5 29. fxg5 hxg5 30. Rf1 Re8+ 31. Kd4 Nd7 32. b5 Rd8 33. Rf5 f6 34.
bxc6 bxc6 35. Bxc6 Ne5+ 36. Bd5 Ke7 37. Rf1 Rh8 38. Rb1 Rxh3 39. Rb7+ Kd8 40.
c6 Rd3+ 41. Kc5 Nxc6 42. Kxc6 1-0

[Event "18. Obert Pobla de Lillet 2008"]
[Site "La Pobla de Lillet ESP"]
[Date "2008.08.06"]
[Round "5.3"]
[White "Danelia, Mariam"]
[Black "Oms Fuentes, Lluis"]
[Result "1-0"]
[WhiteElo "2185"]
[BlackElo "2338"]
[PlyCount "135"]
[EventDate "2008.08.02"]
[EventType "swiss"]
[EventRounds "9"]
[EventCountry "ESP"]
[SourceTitle "Ajedrez en Madrid"]
[Source "lmi"]
[SourceDate "2008.08.02"]
[SourceVersion "1"]
[SourceVersionDate "2020.06.30"]
[SourceQuality "1"]

1. d4 f5 2. Nc3 d5 3. Bf4 c6 4. e3 Nf6 5. Bd3 e6 6. Nf3 Bd6 7. O-O O-O 8. Ne2
Ne4 9. Bxd6 Nxd6 10. Ne5 Nd7 11. Rc1 Nxe5 12. dxe5 Nf7 13. f4 Qb6 14. Rf3 Qxb2
15. Rh3 Qa3 16. g4 Qe7 17. Ng3 g6 18. Kh1 Nh8 19. Qf3 Rf7 20. Rg1 Rg7 21. c4
Qf7 22. cxd5 cxd5 23. Ne2 fxg4 24. Qxg4 Bd7 25. Nd4 Rc8 26. Rhg3 Qe7 27. Bc2
Nf7 28. h4 Kh8 29. h5 g5 30. Qh3 h6 31. Qg2 Rcg8 32. Qh3 Nd8 33. Bg6 gxf4 34.
exf4 Nc6 35. Nf3 d4 36. Nh4 Qf8 37. Rg4 Ne7 38. Qd3 Qd8 39. Qd2 Bc6+ 40. Kh2
Nf5 41. Qf2 Nxh4 42. Rxh4 d3 43. f5 Qa5 44. Qe3 Qxa2+ 45. Kh3 Rh7 46. Rhg4 exf5
47. Bxf5 Rxg4 48. Rxg4 Qe2 49. Qg1 Qf3+ 50. Kh4 Bd5 51. Bxh7 Kxh7 52. Rg7+ Kh8
53. Re7 Qf4+ 54. Kh3 Qf5+ 55. Kh4 Qf4+ 56. Kh3 Qf5+ 57. Kh4 Qg5+ 58. Qxg5 hxg5+
59. Kxg5 d2 60. Re8+ Kh7 61. Re7+ Kg8 62. e6 Bxe6 63. Re8+ Kh7 64. Rd8 b5 65.
Rxd2 a5 66. Rd6 Bg8 67. Rd7+ Kh8 68. Kg6 1-0

[Event "18. Obert Pobla de Lillet 2008"]
[Site "La Pobla de Lillet ESP"]
[Date "2008.08.06"]
[Round "5.4"]
[White "Reinaldo Castiñeira, Roi"]
[Black "Martin Capitan, Feliciano"]
[Result "1-0"]
[WhiteElo "2504"]
[BlackElo "2132"]
[PlyCount "65"]
[EventDate "2008.08.02"]
[EventType "swiss"]
[EventRounds "9"]
[EventCountry "ESP"]
[SourceTitle "Ajedrez en Madrid"]
[Source "lmi"]
[SourceDate "2008.08.02"]
[SourceVersion "1"]
[SourceVersionDate "2020.06.30"]
[SourceQuality "1"]

1. c4 c5 2. g3 g6 3. Bg2 Bg7 4. Nf3 Nc6 5. O-O e5 6. Nc3 Nge7 7. Ne1 O-O 8. Nc2
d6 9. Ne3 Rb8 10. d3 h6 11. Ned5 Nxd5 12. cxd5 Ne7 13. a3 g5 14. b4 b6 15. Qb3
Bd7 16. Rb1 f5 17. Bd2 Ng6 18. bxc5 bxc5 19. Qc4 Qf6 20. Qa6 Ra8 21. Nb5 Bxb5
22. Rxb5 e4 23. dxe4 fxe4 24. Bxe4 Rae8 25. Bf3 g4 26. Bxg4 Qd4 27. Be6+ Rxe6
28. dxe6 Qxd2 29. Rb7 Bd4 30. e3 Bxe3 31. Rf7 Bg5 32. Qxa7 Qd4 33. Rxf8+ 1-0

[Event "18. Obert Pobla de Lillet 2008"]
[Site "La Pobla de Lillet ESP"]
[Date "2008.08.06"]
[Round "5.5"]
[White "Guramishvili, Sopiko"]
[Black "Tarrago Antoni, Maurici"]
[Result "1-0"]
[WhiteElo "2302"]
[BlackElo "2219"]
[PlyCount "69"]
[EventDate "2008.08.02"]
[EventType "swiss"]
[EventRounds "9"]
[EventCountry "ESP"]
[SourceTitle "Ajedrez en Madrid"]
[Source "lmi"]
[SourceDate "2008.08.02"]
[SourceVersion "1"]
[SourceVersionDate "2020.06.30"]
[SourceQuality "1"]

1. Nf3 Nf6 2. c4 e6 3. Nc3 b6 4. d4 Bb7 5. Bg5 d5 6. cxd5 exd5 7. e3 Be7 8.
Bb5+ c6 9. Bd3 O-O 10. Qc2 h6 11. Bf4 c5 12. dxc5 bxc5 13. O-O Nc6 14. a3 Nh5
15. Bg3 Nxg3 16. hxg3 d4 17. Rfd1 Re8 18. Bc4 Na5 19. Ba2 Bf6 20. b4 cxb4 21.
axb4 Qe7 22. Nxd4 Qxb4 23. Rab1 Qa3 24. Bxf7+ Kxf7 25. Ncb5 Qe7 26. Nf5 Be4 27.
Nbd6+ Kf8 28. Nxe4 Qxe4 29. Qc5+ Kg8 30. Qxa5 Be5 31. Qa2+ Kh7 32. Nd6 Bxd6 33.
Rxd6 a5 34. Rbb6 Rac8 35. Rxh6+ 1-0

[Event "18. Obert Pobla de Lillet 2008"]
[Site "La Pobla de Lillet ESP"]
[Date "2008.08.06"]
[Round "5.6"]
[White "Prats Rodriguez, Juan Bosco"]
[Black "Ayza Ballester, Jordi"]
[Result "0-1"]
[WhiteElo "2101"]
[BlackElo "2277"]
[PlyCount "70"]
[EventDate "2008.08.02"]
[EventType "swiss"]
[EventRounds "9"]
[EventCountry "ESP"]
[SourceTitle "Ajedrez en Madrid"]
[Source "lmi"]
[SourceDate "2008.08.02"]
[SourceVersion "1"]
[SourceVersionDate "2020.06.30"]
[SourceQuality "1"]

1. e4 c5 2. Nc3 Nc6 3. g3 g6 4. Bg2 Bg7 5. d3 d6 6. Be3 e5 7. Qd2 Nge7 8. f4 f5
9. Nf3 Rb8 10. fxe5 Nxe5 11. Nxe5 Bxe5 12. d4 cxd4 13. Bxd4 Nc6 14. Bxe5 dxe5
15. Nd5 O-O 16. O-O-O Be6 17. Kb1 Rc8 18. h4 Nd4 19. c3 fxe4 20. Bxe4 Bxd5 21.
Bxd5+ Qxd5 22. cxd4 Rcd8 23. Rhe1 exd4 24. Re7 Rf7 25. Rxf7 Qxf7 26. g4 Qf3 27.
Rg1 Qe4+ 28. Qc2 d3 29. Qb3+ Kg7 30. Qc3+ Qd4 31. h5 Qxc3 32. bxc3 d2 33. Kc2
d1=Q+ 34. Rxd1 Rxd1 35. Kxd1 gxh5 0-1

[Event "18. Obert Pobla de Lillet 2008"]
[Site "La Pobla de Lillet ESP"]
[Date "2008.08.06"]
[Round "5.7"]
[White "Capellades Subirana, Marc"]
[Black "Lorca Cortada, David"]
[Result "1/2-1/2"]
[WhiteElo "2265"]
[BlackElo "2068"]
[PlyCount "69"]
[EventDate "2008.08.02"]
[EventType "swiss"]
[EventRounds "9"]
[EventCountry "ESP"]
[SourceTitle "Ajedrez en Madrid"]
[Source "lmi"]
[SourceDate "2008.08.02"]
[SourceVersion "1"]
[SourceVersionDate "2020.06.30"]
[SourceQuality "1"]

1. e4 c5 2. Nf3 d6 3. d4 cxd4 4. Nxd4 Nf6 5. Nc3 a6 6. a4 g6 7. Be2 Bg7 8. O-O
O-O 9. Kh1 Nc6 10. Nb3 Bd7 11. f4 Rc8 12. Bf3 Qc7 13. Be3 Nb4 14. a5 Be6 15.
Bb6 Qb8 16. Ra4 Nc6 17. Nd4 Bd7 18. Ra3 Rfe8 19. Nde2 Bg4 20. Bxg4 Nxg4 21. Bg1
Nf6 22. Ng3 Qc7 23. Bb6 Qd7 24. Qd2 Nb8 25. Qd3 Qc6 26. Bd4 Nbd7 27. Qd1 h5 28.
e5 dxe5 29. fxe5 Ng4 30. e6 Qxe6 31. Bxg7 Kxg7 32. Qd4+ Ndf6 33. h3 Nh6 34. Rb3
Red8 35. Qa7 1/2-1/2

[Event "18. Obert Pobla de Lillet 2008"]
[Site "La Pobla de Lillet ESP"]
[Date "2008.08.06"]
[Round "5.8"]
[White "Subirachs Mancebo, Guillem"]
[Black "Perez Campos, Adria"]
[Result "1-0"]
[WhiteElo "2063"]
[BlackElo "2206"]
[PlyCount "53"]
[EventDate "2008.08.02"]
[EventType "swiss"]
[EventRounds "9"]
[EventCountry "ESP"]
[SourceTitle "Ajedrez en Madrid"]
[Source "lmi"]
[SourceDate "2008.08.02"]
[SourceVersion "1"]
[SourceVersionDate "2020.06.30"]
[SourceQuality "1"]

1. e4 c5 2. Nc3 Nc6 3. g3 g6 4. Bg2 Bg7 5. d3 d6 6. Be3 Nh6 7. h3 f5 8. Qd2 Nf7
9. exf5 gxf5 10. Nf3 Nd4 11. Ng5 Nxg5 12. Bxg5 h6 13. Be3 e6 14. O-O Qf6 15.
Bxd4 cxd4 16. Nb5 Qe7 17. Qb4 d5 18. Qxe7+ Kxe7 19. Nc7 Rb8 20. Rfe1 Kf7 21.
Re2 Rd8 22. Rae1 Rd6 23. Bxd5 exd5 24. Re7+ Kg6 25. Ne8 Re6 26. Rxg7+ Kh5 27.
Rxe6 1-0

[Event "18. Obert Pobla de Lillet 2008"]
[Site "La Pobla de Lillet ESP"]
[Date "2008.08.06"]
[Round "5.9"]
[White "Gallart Zafra, Jaume"]
[Black "Diaz Lopez, Pedro"]
[Result "1-0"]
[WhiteElo "2185"]
[BlackElo "2040"]
[PlyCount "61"]
[EventDate "2008.08.02"]
[EventType "swiss"]
[EventRounds "9"]
[EventCountry "ESP"]
[SourceTitle "Ajedrez en Madrid"]
[Source "lmi"]
[SourceDate "2008.08.02"]
[SourceVersion "1"]
[SourceVersionDate "2020.06.30"]
[SourceQuality "1"]

1. d3 d5 2. Nd2 e5 3. e4 Nf6 4. Ngf3 Nc6 5. g3 Be6 6. Bg2 Be7 7. O-O O-O 8.
exd5 Nxd5 9. Re1 f6 10. d4 Bf7 11. dxe5 fxe5 12. Nxe5 Nxe5 13. Rxe5 Bf6 14. Re1
Bd4 15. Ne4 Bb6 16. Bg5 Qc8 17. c4 Nb4 18. a3 Bxc4 19. axb4 Qf5 20. Be3 Rad8
21. Qc1 Bd5 22. Nc5 Bxg2 23. Kxg2 Rd6 24. Qc4+ Kh8 25. Qe4 Qf7 26. Bd4 Rh6 27.
Ra3 Bxc5 28. bxc5 Rd8 29. Rf3 Qd7 30. Qf5 Kg8 31. Qxd7 1-0

[Event "18. Obert Pobla de Lillet 2008"]
[Site "La Pobla de Lillet ESP"]
[Date "2008.08.06"]
[Round "5.10"]
[White "Garcia Galeote, Lorenzo"]
[Black "Martorell Aubanell, Adria"]
[Result "0-1"]
[WhiteElo "2037"]
[BlackElo "2159"]
[PlyCount "78"]
[EventDate "2008.08.02"]
[EventType "swiss"]
[EventRounds "9"]
[EventCountry "ESP"]
[SourceTitle "Ajedrez en Madrid"]
[Source "lmi"]
[SourceDate "2008.08.02"]
[SourceVersion "1"]
[SourceVersionDate "2020.06.30"]
[SourceQuality "1"]

1. d4 Nf6 2. c4 g6 3. Nc3 Bg7 4. e4 d6 5. Nge2 O-O 6. Ng3 Na6 7. Be2 c5 8. d5
Nc7 9. a4 e6 10. O-O exd5 11. exd5 b6 12. Bf4 a6 13. Qd2 Nfe8 14. Bh6 Rb8 15.
b3 Qh4 16. Bxg7 Nxg7 17. Nce4 Rd8 18. b4 f5 19. Ng5 cxb4 20. Nf3 Qe7 21. Nd4
Bd7 22. Qxb4 f4 23. Nh1 Nf5 24. Nxf5 Bxf5 25. Rfe1 Qf6 26. a5 b5 27. Rad1 g5
28. h3 bxc4 29. Qxc4 Nb5 30. Qc6 Nc3 31. Rc1 Nxe2+ 32. Rxe2 Rbc8 33. Rce1 Rxc6
34. dxc6 Rc8 35. f3 Rxc6 36. Re8+ Kf7 37. Ra8 Rc2 38. Ree8 Qa1+ 39. Kh2 Qa2 0-1

[Event "18. Obert Pobla de Lillet 2008"]
[Site "La Pobla de Lillet ESP"]
[Date "2008.08.06"]
[Round "5.21"]
[White "Nogue Fajula, Joan"]
[Black "Montero Montero, Juan J"]
[Result "0-1"]
[WhiteElo "2053"]
[BlackElo "1705"]
[PlyCount "92"]
[EventDate "2008.08.02"]
[EventType "swiss"]
[EventRounds "9"]
[EventCountry "ESP"]
[SourceTitle "Ajedrez en Madrid"]
[Source "lmi"]
[SourceDate "2008.08.02"]
[SourceVersion "1"]
[SourceVersionDate "2020.06.30"]
[SourceQuality "1"]

1. d4 Nf6 2. Nf3 e6 3. e3 b6 4. Bd3 Be7 5. O-O O-O 6. b3 Ba6 7. c4 d5 8. Bb2 c5
9. Ne5 Qc7 10. Nd2 Nbd7 11. f4 Rab8 12. Qe2 Bb7 13. Ndf3 Ne4 14. Nxd7 Qxd7 15.
Ne5 Qe8 16. f5 Nf6 17. fxe6 fxe6 18. Rf4 Qh5 19. Raf1 Qxe2 20. Bxe2 Rbd8 21. h4
Nd7 22. Nxd7 Rxd7 23. Bg4 Rd6 24. dxc5 bxc5 25. Rxf8+ Bxf8 26. Be5 Ra6 27. h5
dxc4 28. bxc4 Be4 29. h6 g6 30. Rf6 Bf5 31. Bf3 Be7 32. e4 Bxf6 33. Bb8 Bg5 34.
exf5 gxf5 35. g4 Bxh6 36. gxf5 exf5 37. Bd5+ Kf8 38. Kf2 Bg7 39. Kf3 Ke7 40.
Kf4 Rxa2 41. Kxf5 a5 42. Be5 Bxe5 43. Kxe5 a4 44. Bg8 Rd2 45. Bxh7 a3 46. Bb1
Rb2 0-1

[Event "18. Obert Pobla de Lillet 2008"]
[Site "La Pobla de Lillet ESP"]
[Date "2008.08.07"]
[Round "6.1"]
[White "Matnadze, Ana"]
[Black "Mirzoev, Azer"]
[Result "1/2-1/2"]
[WhiteElo "2411"]
[BlackElo "2565"]
[PlyCount "222"]
[EventDate "2008.08.02"]
[EventType "swiss"]
[EventRounds "9"]
[EventCountry "ESP"]
[SourceTitle "Ajedrez en Madrid"]
[Source "lmi"]
[SourceDate "2008.08.02"]
[SourceVersion "1"]
[SourceVersionDate "2020.06.30"]
[SourceQuality "1"]

1. d4 d5 2. g3 Nf6 3. Bg2 Bf5 4. Nf3 e6 5. O-O Nbd7 6. c4 c6 7. Nc3 Be7 8. Nh4
Bg4 9. h3 Bh5 10. g4 Bg6 11. Qb3 Qb6 12. Nxg6 hxg6 13. c5 Qc7 14. f4 b6 15.
cxb6 Nxb6 16. Qc2 O-O 17. Nd1 Rac8 18. b3 c5 19. Be3 cxd4 20. Qxc7 Rxc7 21.
Bxd4 Bc5 22. Bxc5 Rxc5 23. Nf2 Rc2 24. Bf3 Rfc8 25. Rfd1 Ne4 26. Nxe4 dxe4 27.
Bxe4 Rxe2 28. Re1 Rd2 29. Red1 Rcd8 30. Rxd2 Rxd2 31. a4 Rd4 32. Re1 a5 33. f5
gxf5 34. gxf5 exf5 35. Bxf5 g6 36. Bxg6 fxg6 37. Re6 Rb4 38. Rxg6+ Kf7 39. Rg5
Rxb3 40. Rxa5 Rxh3 41. Ra6 Nc4 42. Kf2 Ke7 43. a5 Ra3 44. Ra7+ Kd6 45. a6 Kc6
46. Kg2 Nb6 47. Kh2 Nd5 48. Ra8 Nc7 49. Rg8 Kb5 50. Rb8+ Kc6 51. Rg8 Nxa6 52.
Rg6+ Kb5 53. Rg3 Ra4 54. Kh3 Nc5 55. Rg4 Ne4 56. Rg8 Kc4 57. Rd8 Ra1 58. Kg2
Ra3 59. Kh2 Nf6 60. Kg2 Nd5 61. Kf2 Kd4 62. Ke2 Re3+ 63. Kd2 Re5 64. Kc2 Re2+
65. Kb3 Rd2 66. Rh8 Rd1 67. Kc2 Ne3+ 68. Kb2 Nc4+ 69. Kc2 Rd2+ 70. Kb3 Rb2+ 71.
Ka4 Ne5 72. Ka3 Rb7 73. Ka4 Nd3 74. Rh4+ Kc3 75. Ka5 Rb1 76. Rh8 Ne5 77. Ka6
Kc4 78. Ka7 Kd5 79. Rh5 Kd6 80. Ka6 Rb4 81. Rh6+ Kc5 82. Rh5 Ra4+ 83. Kb7 Kd5
84. Rh1 Rb4+ 85. Kc7 Rb2 86. Rd1+ Kc5 87. Rc1+ Nc4 88. Rh1 Nb6 89. Rc1+ Kb5 90.
Rh1 Nd5+ 91. Kd6 Rd2 92. Ke5 Kc4 93. Rc1+ Nc3 94. Rh1 Rd5+ 95. Ke6 Ra5 96. Rh4+
Kd3 97. Kd6 Ne4+ 98. Kc6 Kd4 99. Rh1 Rg5 100. Rd1+ Kc4 101. Kd7 Rg6 102. Ke7
Ra6 103. Kf7 Nc3 104. Rh1 Kd5 105. Rh5+ Kd4 106. Rh1 Nd5 107. Rd1+ Ke5 108.
Re1+ Kf5 109. Rf1+ Nf4 110. Ke7 Rh6 111. Kd7 Rh7+ 1/2-1/2

[Event "18. Obert Pobla de Lillet 2008"]
[Site "La Pobla de Lillet ESP"]
[Date "2008.08.07"]
[Round "6.2"]
[White "Movsziszian, Karen"]
[Black "Danelia, Mariam"]
[Result "1-0"]
[WhiteElo "2560"]
[BlackElo "2185"]
[PlyCount "83"]
[EventDate "2008.08.02"]
[EventType "swiss"]
[EventRounds "9"]
[EventCountry "ESP"]
[SourceTitle "Ajedrez en Madrid"]
[Source "lmi"]
[SourceDate "2008.08.02"]
[SourceVersion "1"]
[SourceVersionDate "2020.06.30"]
[SourceQuality "1"]

1. g3 Nf6 2. Bg2 d5 3. Nf3 g6 4. O-O Bg7 5. d3 O-O 6. c3 c5 7. Nbd2 Nc6 8. e4
dxe4 9. dxe4 Qc7 10. Qe2 Rd8 11. h3 e5 12. Re1 b6 13. Nf1 a5 14. N3h2 Ba6 15.
Qf3 Ne7 16. Bg5 Rd6 17. Ne3 h6 18. Bxf6 Rxf6 19. Qg4 Rd8 20. Bf1 h5 21. Qh4 Bb7
22. f3 Rfd6 23. g4 Bf6 24. g5 Bg7 25. Bc4 Bc6 26. a4 Qb7 27. Nhf1 Qc8 28. Kh2
R8d7 29. Qg3 Bb7 30. Bb5 Rd8 31. Nc4 Re6 32. Rad1 Rxd1 33. Rxd1 Bc6 34. Nxb6
Qb7 35. Nd7 Bxb5 36. axb5 Qxb5 37. Qf2 Rc6 38. Qd2 Qb7 39. Ne3 Qc7 40. Nc4 Re6
41. Ndb6 Rxb6 42. Qd8+ 1-0

[Event "18. Obert Pobla de Lillet 2008"]
[Site "La Pobla de Lillet ESP"]
[Date "2008.08.07"]
[Round "6.3"]
[White "Ayza Ballester, Jordi"]
[Black "Reinaldo Castiñeira, Roi"]
[Result "0-1"]
[WhiteElo "2277"]
[BlackElo "2504"]
[PlyCount "70"]
[EventDate "2008.08.02"]
[EventType "swiss"]
[EventRounds "9"]
[EventCountry "ESP"]
[SourceTitle "Ajedrez en Madrid"]
[Source "lmi"]
[SourceDate "2008.08.02"]
[SourceVersion "1"]
[SourceVersionDate "2020.06.30"]
[SourceQuality "1"]

1. e4 c5 2. Nf3 d6 3. d4 cxd4 4. Nxd4 Nf6 5. Nc3 a6 6. g3 e5 7. Nb3 Be7 8. Bg2
O-O 9. O-O b5 10. Bg5 Nbd7 11. Bxf6 Nxf6 12. Nd5 Nxd5 13. Qxd5 Be6 14. Qd2 Qc7
15. c3 a5 16. Nc1 Rfd8 17. Re1 Qb7 18. Rd1 Bd7 19. Nd3 Bc6 20. Qe2 f5 21. f3
Rf8 22. Re1 Rae8 23. Rad1 Bd8 24. Kh1 Bc7 25. Rd2 Kh8 26. Qd1 Bb8 27. Nf2 Rf6
28. Qc2 Ref8 29. Nd1 d5 30. exf5 Rxf5 31. Nf2 h6 32. Rde2 Qf7 33. Ng4 Rxf3 34.
Rxe5 d4 35. Qd1 Rf1+ 0-1

[Event "18. Obert Pobla de Lillet 2008"]
[Site "La Pobla de Lillet ESP"]
[Date "2008.08.07"]
[Round "6.4"]
[White "Granados Gomez, Manuel"]
[Black "Guramishvili, Sopiko"]
[Result "1/2-1/2"]
[WhiteElo "2407"]
[BlackElo "2302"]
[PlyCount "70"]
[EventDate "2008.08.02"]
[EventType "swiss"]
[EventRounds "9"]
[EventCountry "ESP"]
[SourceTitle "Ajedrez en Madrid"]
[Source "lmi"]
[SourceDate "2008.08.02"]
[SourceVersion "1"]
[SourceVersionDate "2020.06.30"]
[SourceQuality "1"]

1. e4 c5 2. d3 Nc6 3. f4 Nf6 4. Nf3 e6 5. c3 Be7 6. Na3 Rb8 7. Nc2 b5 8. Be2 d6
9. O-O O-O 10. Kh1 a5 11. e5 Nd7 12. d4 b4 13. Ne3 Nb6 14. Bd3 bxc3 15. bxc3
cxd4 16. cxd4 Nb4 17. Bb1 Ba6 18. Rf2 g6 19. Bd2 Nc4 20. Nxc4 Bxc4 21. a3 Nc6
22. Be4 d5 23. Bc2 Qb6 24. Be1 Rfc8 25. h3 Bf8 26. g4 Bb3 27. Bxb3 Qxb3 28. Qd2
Bxa3 29. f5 exf5 30. gxf5 Ne7 31. fxg6 fxg6 32. Qxa5 Ra8 33. Qd2 Rf8 34. Qc3
Qxc3 35. Bxc3 Rfc8 1/2-1/2

[Event "18. Obert Pobla de Lillet 2008"]
[Site "La Pobla de Lillet ESP"]
[Date "2008.08.07"]
[Round "6.5"]
[White "Gonzalez Freixas, Alberto"]
[Black "Capellades Subirana, Marc"]
[Result "0-1"]
[WhiteElo "2132"]
[BlackElo "2265"]
[PlyCount "58"]
[EventDate "2008.08.02"]
[EventType "swiss"]
[EventRounds "9"]
[EventCountry "ESP"]
[SourceTitle "Ajedrez en Madrid"]
[Source "lmi"]
[SourceDate "2008.08.02"]
[SourceVersion "1"]
[SourceVersionDate "2020.06.30"]
[SourceQuality "1"]

1. c4 Nf6 2. g3 e5 3. Bg2 Bc5 4. Nc3 Nc6 5. e3 O-O 6. Nge2 Ne7 7. d4 exd4 8.
exd4 Bb4 9. O-O Bxc3 10. Nxc3 d5 11. Bg5 Bg4 12. f3 Be6 13. Bxf6 gxf6 14. f4
Kh8 15. g4 f5 16. g5 c6 17. c5 Ng6 18. Qh5 b6 19. Rf3 Rg8 20. Rh3 Rg7 21. Ne2
bxc5 22. Rf1 cxd4 23. Qh6 f6 24. Ng3 Nf8 25. Qh4 fxg5 26. fxg5 f4 27. Qxf4 Bxh3
28. Bxh3 c5 29. Rc1 Ng6 0-1

[Event "18. Obert Pobla de Lillet 2008"]
[Site "La Pobla de Lillet ESP"]
[Date "2008.08.07"]
[Round "6.6"]
[White "Lorca Cortada, David"]
[Black "Gallart Zafra, Jaume"]
[Result "1-0"]
[WhiteElo "2068"]
[BlackElo "2185"]
[PlyCount "74"]
[EventDate "2008.08.02"]
[EventType "swiss"]
[EventRounds "9"]
[EventCountry "ESP"]
[SourceTitle "Ajedrez en Madrid"]
[Source "lmi"]
[SourceDate "2008.08.02"]
[SourceVersion "1"]
[SourceVersionDate "2020.06.30"]
[SourceQuality "1"]

1. e4 e5 2. Nf3 Nc6 3. Bb5 a6 4. Ba4 Nf6 5. O-O b5 6. Bb3 Bc5 7. Re1 d6 8. c3
Bg4 9. h3 Bh5 10. a4 O-O 11. d3 h6 12. Nbd2 Re8 13. Nf1 b4 14. Be3 Qd7 15. a5
Na7 16. d4 bxc3 17. dxc5 cxb2 18. Rb1 Nxe4 19. Rxb2 Nb5 20. Ba4 Nec3 21. Bxb5
Nxb5 22. cxd6 cxd6 23. Ng3 Bg6 24. Bb6 Rac8 25. Nxe5 Nc3 26. Nxd7 Nxd1 27. Rxd1
Re7 28. Rxd6 Re1+ 29. Kh2 h5 30. h4 Rc4 31. Rd4 Rcc1 32. Re2 Rg1 33. Re8+ Kh7
34. Nf8+ Kh6 35. Rd1 Rxg2+ 36. Kxg2 Be4+ 37. Rxe4 Rxd1 1-0

[Event "18. Obert Pobla de Lillet 2008"]
[Site "La Pobla de Lillet ESP"]
[Date "2008.08.07"]
[Round "6.7"]
[White "Martorell Aubanell, Adria"]
[Black "Subirachs Mancebo, Guillem"]
[Result "0-1"]
[WhiteElo "2159"]
[BlackElo "2063"]
[PlyCount "76"]
[EventDate "2008.08.02"]
[EventType "swiss"]
[EventRounds "9"]
[EventCountry "ESP"]
[SourceTitle "Ajedrez en Madrid"]
[Source "lmi"]
[SourceDate "2008.08.02"]
[SourceVersion "1"]
[SourceVersionDate "2020.06.30"]
[SourceQuality "1"]

1. e4 c5 2. Nf3 Nc6 3. d4 cxd4 4. Nxd4 Nf6 5. Nc3 e6 6. Ndb5 Bb4 7. Nd6+ Ke7 8.
Bf4 e5 9. Nxc8+ Rxc8 10. Bg5 Qa5 11. Bd2 Nd4 12. Bd3 Bxc3 13. Bxc3 Rxc3 14.
bxc3 Qxc3+ 15. Kf1 Rc8 16. f3 Nxc2 17. Bxc2 Qxc2 18. Qxc2 Rxc2 19. g4 d5 20. g5
Nh5 21. exd5 Nf4 22. h4 Kd6 23. Kg1 Rg2+ 24. Kf1 Kxd5 25. Rd1+ Ke6 26. Ra1 b5
27. Rg1 Re2 28. Rg4 Rb2 29. a3 a5 30. Re1 Kd5 31. Rxf4 exf4 32. Re7 Kd4 33.
Re4+ Kd5 34. Rxf4 Ke6 35. a4 b4 36. Rc4 Ra2 37. Rc6+ Kd5 38. Rc7 b3 0-1